00613nam a22002177a 4500003000500000005001700005008004100022010001000063011001000073020001800083035001100101040000900112082001900121100002200140245009100162250001000253260004400263300004400307650002100351700002300372CHAP20220329143320.0080526s2008 us a r 00010 eng d a94845 a95817 a9780471787358 a106448 cCHAP04a536.7bM6 20081 aMoran, Michael J.10aFundamentals of engineering thermodynamicsc/by Michael J. Moran and Howard N. Shapiro a6 ed. aHoboken, NJ :bJohn Wiley & Sons,c2008 axv, 928 p. :bilus. ; gráfs. ; tablas14aTermodinámica.1 aShapiro, Howard N.